000 01351cam a22003497a 4500
003 CHAP
005 20220817043812.0
008 010926d2000 mx r 00110 spa d
010 _a84861
011 _a85833
020 _a9681203615
035 _a96370
040 _cCHAP
082 0 4 _a382.0972
_bB4
110 0 0 _aBanco Nacional de Comercio Exterior. México
_99867
245 1 0 _aMedio siglo de financiamiento y promoción del comercio exterior de México
_c/por Banco Nacional de Comercio Exterior
260 _aMéxico, D.F. :
_bBanco Nacional de Comercio Exterior,
_c1987.
300 _a2 v. ;
_bilus.
500 _aContenido : v.1 Historia del Banco Nacional de Comercio Exterior, 1937-1987, v.2 Ensayos conmemorativos
590 _aBATCH-UPD
_b10
_c20130110
_lUCH01
_h1949
590 _aBATCH-UPD
_b10
_c20130410
_lUCH01
_h1311
590 _aBATCH-UPD
_b10
_c20130914
_lUCH01
_h0534
590 _aCONVERSION
_b10
_c20130109
_lUCH01
_h1347
650 0 1 _aDesarrollo económico
650 1 4 _aBancos y operaciones bancarias
_zMéxico.
_99926
650 1 4 _aComercio exterior
_zMéxico.
_925638
901 _aBK
905 _aAlejandra Carrasco M.
942 _cLIBRO
949 _a382.0972 B4
_bBC
_cLIBRO
_d33724000857033
_eLIBRO
_fv.2
_h101884
_i96370
_kDon.
_si
949 _a382.0972 B4
_bBC
_cLIBRO
_d33724000857090
_eLIBRO
_fv.1
_h101883
_i96370
_kDon.
_si
999 _c84861
_d84861